000 01468nam a22004094i 4500
999 _c64572
_d64572
001 216069
003 CO-MdFUSB
005 20181001114814.0
008 791116s1975 gw b 00110 eng u
010 _a 79318783 //r83
040 _aCO-MdFUSB
_bspa
_cCO-MdFUSB
_dCO-MdFUSBC
_erda
041 _aeng
082 _a227.8107
_223
_bEL46
100 1 0 _aEllingworth, Paul.
_eautor
245 2 _aA translator's handbook on Paul's letters to the Thessalonians
_c/ Paul Ellingworth y Eugene A. Nida.
264 1 _aStuttgart, USA :
_bUnited Bible Societies,
_c[1975]
264 4 _c©1975
300 _aix, 229 páginas ;
_c24 cm.
336 _2rdacontent
_atexto
_btxt
337 _2rdamedia
_asin mediación
_bn
338 _2rdacarrier
_avolumen
_bnc
490 1 _aHelps for translators series
504 _aIncluye bibliofrafía (página 213) Incluye glosario (página 217) Incluye indice (página 227)
505 _t1 Tesalonicenses. --
_t2 Tesalonicenses.
563 _aTapa rústica
630 7 _aBiblia.
_pTesalonicenses, 1ª
_xCrítica, interpretación, etc.
630 7 _aBiblia.
_pTesalonicenses, 2ª
_xCrítica, interpretación, etc.
700 1 0 _aNida, Eugene Albert,
_d1914-
_eautor
830 _aHelps for translators series
_vVol. 17
942 _cBK